000 00720nam0a22002771 4500
001 RU\NLR\INFOCOMM10\ROSSICA\1000005437
005 20250613190434.0
035 _a(NLR Aleph) 009911145
090 _a10618477
_c10618477
100 _a20030522d1862 |||y0rusy50 ca
101 0 _afre
102 _aRU
105 _ay ||||000ay
200 1 _aPetit manuel russe à l'usage des Français
_fJacq. Languen
205 _a7-e ed.
210 _aSt.Pétersbourg
_d1862
215 _d12°
700 1 _aLanguen
_bJ.
_gJacq.
_4070
801 1 _aRU
_bInfoComm
_c20030522
801 0 _aRU
_bNLR
_gPSBO
852 _aNLR
_j13.9.4.456
852 _aNLR
_j12.41.6.2
942 _cBOOK
980 _aNB
980 _aRossica